| 000 | 01181nam a2200325 i 4500 | ||
|---|---|---|---|
| 001 | 000017764 | ||
| 003 | DO-SdBNP | ||
| 005 | 20260309143358.0 | ||
| 007 | ta | ||
| 008 | 100331s2001 dr ac r 000 0bspa d | ||
| 020 | _a9993402214 | ||
| 040 |
_aDO-SdBNP _bspa _cBNPHU _erda |
||
| 041 | _aspa | ||
| 082 | 4 |
_a791.45092 _bM385v _222 |
|
| 100 | 1 |
_aMartínez, Carlos T., _d1945- _eautor _929205 _4aut. |
|
| 245 | 1 | 3 |
_aLa vida de Jochy Santos con el mismo golpe / _cCarlos T. Martínez. |
| 264 | 4 |
_aSanto Domingo, República Dominicana : _bEditora Centenario, _c©2001. |
|
| 300 |
_a172 páginas : _bilustraciones, retratos ; _c22 cm. |
||
| 336 |
_atexto _btxt _2rdacontent |
||
| 337 |
_asin mediación _bn _2rdamedia |
||
| 338 |
_avolumen _bnc _2rdacarrier |
||
| 500 | _aIncluye datos biográficos del autor en la solapa de la cubierta. | ||
| 590 | _aInventariado, 2018/BT | ||
| 600 | 1 | 4 |
_aSantos, Jochy _cSEUD., _d1954- _qSantos Martes, José Manuel, _938632 |
| 650 | 4 |
_aActores _xBiografías _938633 |
|
| 650 | 4 |
_aActores y actrices de televisión _938634 |
|
| 650 | 4 |
_aPersonajes de la televisión _938635 |
|
| 910 | _aValidado. Control de calidad. EMS | ||
| 942 |
_2ddc _cLBS1 |
||
| 999 |
_c17289 _d17289 |
||